| 000 | 00800nam a2200265Ia 4500 | ||
|---|---|---|---|
| 001 | Para_8543 | ||
| 003 | CHAP | ||
| 008 | 220125s9999 xx 000 0 und d | ||
| 010 | _a207354 | ||
| 040 | _cCHAP | ||
| 082 | _aPA-C 595.752 A6 | ||
| 100 |
_aPatch, Edith M. _986145 |
||
| 245 |
_aA study in antennal variation / _c by Edith M. Patch |
||
| 300 | _a4 p. | ||
| 440 |
_aAphidae; 22 _9173948 |
||
| 500 | _aSobretiro de: Annals Entomological Society of America, 6: 233-236, 1913. Encuadernado con otros impresos similares | ||
| 650 |
_a _x Afididos _x Colecciones de escritos _x Eriosoma _9173954 |
||
| 901 | _aPA-C 595.752 A6 | ||
| 902 | _aA | ||
| 905 | _a000000 0000000000 00 | ||
| 910 | _a | ||
| 942 | _cPARA | ||
| 942 |
_cPARA _d1 |
||
| 999 |
_c207354 _d207354 |
||